000 00711nam a2200229Ia 4500
001 9102
003 GE_BSU
008 181216s||||||||xx |||||||||||||| ||und||
040 _cGE_BSU
080 _a821.353.1-31
100 _aლისაშვილი,იაკინთე
245 _aკეცხოველი
245 _bრომანი
245 _cპ/მგ.რედ:გ.ნატროშვილი;მხატვ:ლ.ქუთათელაძე
260 _aთბილისი.
260 _bსაბჭ.მწერალი.
260 _c1953.
300 _a350გვ;23სმ.
653 _aკეცხოველი
653 _aრომანი
942 _cBK
999 _c42406
_d42406